000 00447nam a22001697a 4500
005 20180712111339.0
008 160525b xxu||||| |||| 00| 0 eng d
020 _a9788125921
041 _aeng
082 _b4868
_a658.1511
100 _aMaheshwari S.N. & Maheshwari S.K.
_9327
245 _aA Text book of accounting for Management
260 _aNew Delhi
_bAcademic Faundation
300 _a4302P,
650 _aManagement
_9241
942 _cBK
999 _c1687
_d1686